000 00995nam a2200277 a 4500
008
020 _a0195211065 (pbk. : alk. paper)
049 _aMAIN
090 _aHD4420.8
245 0 0 _aBureaucrats in business :
_bthe economics and politics of government ownership.
260 _aOxford :
_bPublished for the World Bank by Oxford University Press,
_cc1995.
300 _axix, 346 p. ;
_c24 cm.
440 2 _aA World Bank policy research report,
_x1020-0851
504 _aIncludes bibliographical references.
500 _aIncludes index.
650 0 _aGovernment ownership
_zDeveloping countries.
650 0 _aGovernment business enterprises
_zDeveloping countries.
650 0 _aIndustrial efficiency
_zDeveloping countries.
650 0 _aSocialism
_zDeveloping countries.
710 2 _aWorld Bank.
907 _a.b1001018x
_b17-07-03
_c17-04-03
003
005 20230123133342.0
040 _cNUST
942 _cBOOKS
_kHD4420.8
999 _c147091
_d147091